<?xml version="1.0" encoding="UTF-8"?>
<record
    xmlns:xsi="http://www.w3.org/2001/XMLSchema-instance"
    xsi:schemaLocation="http://www.loc.gov/MARC21/slim http://www.loc.gov/standards/marcxml/schema/MARC21slim.xsd"
    xmlns="http://www.loc.gov/MARC21/slim">

  <leader>00714nam a2200229Ia 4500</leader>
  <controlfield tag="005">20220210160159.0</controlfield>
  <controlfield tag="008">210716s2011    xx            000 0 und d</controlfield>
  <datafield tag="020" ind1=" " ind2=" ">
    <subfield code="a">978812542597</subfield>
  </datafield>
  <datafield tag="040" ind1=" " ind2=" ">
    <subfield code="c">AIMIT LIBRARY</subfield>
  </datafield>
  <datafield tag="041" ind1=" " ind2=" ">
    <subfield code="a">eng</subfield>
  </datafield>
  <datafield tag="082" ind1=" " ind2=" ">
    <subfield code="a">658.8 </subfield>
    <subfield code="2">3</subfield>
    <subfield code="b">KUMA</subfield>
  </datafield>
  <datafield tag="100" ind1=" " ind2=" ">
    <subfield code="a">Kumar, Arun.</subfield>
    <subfield code="9">19039</subfield>
  </datafield>
  <datafield tag="245" ind1=" " ind2=" ">
    <subfield code="a">Marketing management /</subfield>
    <subfield code="c">By Arun Kumar and N Meenakshi.</subfield>
  </datafield>
  <datafield tag="250" ind1=" " ind2=" ">
    <subfield code="a">3rd ed.</subfield>
  </datafield>
  <datafield tag="260" ind1=" " ind2=" ">
    <subfield code="a">New Delhi :</subfield>
    <subfield code="b">Vikas Publishing House Pvt  Ltd ,</subfield>
    <subfield code="c">2011.</subfield>
  </datafield>
  <datafield tag="300" ind1=" " ind2=" ">
    <subfield code="a">Xviii, 668p. ;</subfield>
    <subfield code="c">28 cm.</subfield>
  </datafield>
  <datafield tag="650" ind1=" " ind2=" ">
    <subfield code="a">Segmentation and targeting</subfield>
    <subfield code="9">19040</subfield>
  </datafield>
  <datafield tag="650" ind1=" " ind2=" ">
    <subfield code="a">Product management</subfield>
    <subfield code="9">19041</subfield>
  </datafield>
  <datafield tag="650" ind1=" " ind2=" ">
    <subfield code="a">Competitive marketing strategy</subfield>
    <subfield code="9">19042</subfield>
  </datafield>
  <datafield tag="700" ind1=" " ind2=" ">
    <subfield code="a">Meenakshi, N.</subfield>
    <subfield code="9">19043</subfield>
  </datafield>
  <datafield tag="942" ind1=" " ind2=" ">
    <subfield code="2">ddc</subfield>
    <subfield code="c">BK</subfield>
    <subfield code="e">3rd</subfield>
    <subfield code="k">658.8 KUMA</subfield>
  </datafield>
  <datafield tag="999" ind1=" " ind2=" ">
    <subfield code="c">209799</subfield>
    <subfield code="d">209799</subfield>
  </datafield>
  <datafield tag="952" ind1=" " ind2=" ">
    <subfield code="0">0</subfield>
    <subfield code="1">0</subfield>
    <subfield code="2">ddc</subfield>
    <subfield code="4">0</subfield>
    <subfield code="7">0</subfield>
    <subfield code="8">MBA</subfield>
    <subfield code="a">AIMIT</subfield>
    <subfield code="b">AIMIT</subfield>
    <subfield code="d">2016-09-10</subfield>
    <subfield code="g">525.00</subfield>
    <subfield code="i">Bill no:248; Bill dt:2016-08-22</subfield>
    <subfield code="l">0</subfield>
    <subfield code="o">658.8 KUMA</subfield>
    <subfield code="p">MBA12365</subfield>
    <subfield code="r">2026-05-23 00:00:00</subfield>
    <subfield code="v">420.00</subfield>
    <subfield code="w">2021-07-16</subfield>
    <subfield code="y">BK</subfield>
  </datafield>
  <datafield tag="952" ind1=" " ind2=" ">
    <subfield code="0">0</subfield>
    <subfield code="1">0</subfield>
    <subfield code="2">ddc</subfield>
    <subfield code="4">0</subfield>
    <subfield code="7">0</subfield>
    <subfield code="8">MBA</subfield>
    <subfield code="a">AIMIT</subfield>
    <subfield code="b">AIMIT</subfield>
    <subfield code="d">2016-09-10</subfield>
    <subfield code="g">525.00</subfield>
    <subfield code="i">Bill no:248; Bill dt:2016-08-22</subfield>
    <subfield code="l">2</subfield>
    <subfield code="o">658.8 KUMA</subfield>
    <subfield code="p">MBA12366</subfield>
    <subfield code="r">2026-05-23 00:00:00</subfield>
    <subfield code="s">2025-10-09</subfield>
    <subfield code="v">420.00</subfield>
    <subfield code="w">2021-07-16</subfield>
    <subfield code="y">BK</subfield>
  </datafield>
  <datafield tag="952" ind1=" " ind2=" ">
    <subfield code="0">0</subfield>
    <subfield code="1">0</subfield>
    <subfield code="2">ddc</subfield>
    <subfield code="4">0</subfield>
    <subfield code="7">0</subfield>
    <subfield code="8">MBA</subfield>
    <subfield code="a">AIMIT</subfield>
    <subfield code="b">AIMIT</subfield>
    <subfield code="d">2016-09-10</subfield>
    <subfield code="g">525.00</subfield>
    <subfield code="i">Bill no:248; Bill dt:2016-08-22</subfield>
    <subfield code="l">0</subfield>
    <subfield code="o">658.8 KUMA</subfield>
    <subfield code="p">MBA12367</subfield>
    <subfield code="r">2026-05-23 00:00:00</subfield>
    <subfield code="v">420.00</subfield>
    <subfield code="w">2021-07-16</subfield>
    <subfield code="y">BK</subfield>
  </datafield>
  <datafield tag="952" ind1=" " ind2=" ">
    <subfield code="0">0</subfield>
    <subfield code="1">0</subfield>
    <subfield code="2">ddc</subfield>
    <subfield code="4">0</subfield>
    <subfield code="7">0</subfield>
    <subfield code="8">MBA</subfield>
    <subfield code="a">AIMIT</subfield>
    <subfield code="b">AIMIT</subfield>
    <subfield code="d">2016-09-10</subfield>
    <subfield code="g">525.00</subfield>
    <subfield code="i">Bill no:248; Bill dt:2016-08-22</subfield>
    <subfield code="l">2</subfield>
    <subfield code="o">658.8 KUMA</subfield>
    <subfield code="p">MBA12368</subfield>
    <subfield code="r">2026-05-23 00:00:00</subfield>
    <subfield code="s">2024-03-25</subfield>
    <subfield code="v">420.00</subfield>
    <subfield code="w">2021-07-16</subfield>
    <subfield code="y">BK</subfield>
  </datafield>
  <datafield tag="952" ind1=" " ind2=" ">
    <subfield code="0">0</subfield>
    <subfield code="1">0</subfield>
    <subfield code="2">ddc</subfield>
    <subfield code="4">0</subfield>
    <subfield code="7">0</subfield>
    <subfield code="8">MBA</subfield>
    <subfield code="a">AIMIT</subfield>
    <subfield code="b">AIMIT</subfield>
    <subfield code="d">2016-09-10</subfield>
    <subfield code="g">525.00</subfield>
    <subfield code="i">Bill no:248; Bill dt:2016-08-22</subfield>
    <subfield code="l">0</subfield>
    <subfield code="o">658.8 KUMA</subfield>
    <subfield code="p">MBA12369</subfield>
    <subfield code="r">2026-05-23 00:00:00</subfield>
    <subfield code="v">420.00</subfield>
    <subfield code="w">2021-07-16</subfield>
    <subfield code="y">BK</subfield>
  </datafield>
  <datafield tag="952" ind1=" " ind2=" ">
    <subfield code="0">0</subfield>
    <subfield code="1">0</subfield>
    <subfield code="2">ddc</subfield>
    <subfield code="4">0</subfield>
    <subfield code="7">0</subfield>
    <subfield code="8">MBA</subfield>
    <subfield code="a">AIMIT</subfield>
    <subfield code="b">AIMIT</subfield>
    <subfield code="d">2016-09-10</subfield>
    <subfield code="g">525.00</subfield>
    <subfield code="i">Bill no:248; Bill dt:2016-08-22</subfield>
    <subfield code="l">1</subfield>
    <subfield code="o">658.8 KUMA</subfield>
    <subfield code="p">MBA12370</subfield>
    <subfield code="r">2026-05-23 00:00:00</subfield>
    <subfield code="s">2022-12-08</subfield>
    <subfield code="v">420.00</subfield>
    <subfield code="w">2021-07-16</subfield>
    <subfield code="y">BK</subfield>
  </datafield>
  <datafield tag="952" ind1=" " ind2=" ">
    <subfield code="0">0</subfield>
    <subfield code="1">0</subfield>
    <subfield code="2">ddc</subfield>
    <subfield code="4">0</subfield>
    <subfield code="7">0</subfield>
    <subfield code="8">MBA</subfield>
    <subfield code="a">AIMIT</subfield>
    <subfield code="b">AIMIT</subfield>
    <subfield code="d">2016-09-10</subfield>
    <subfield code="g">525.00</subfield>
    <subfield code="i">Bill no:248; Bill dt:2016-08-22</subfield>
    <subfield code="l">0</subfield>
    <subfield code="o">658.8 KUMA</subfield>
    <subfield code="p">MBA12371</subfield>
    <subfield code="r">2026-05-23 00:00:00</subfield>
    <subfield code="v">420.00</subfield>
    <subfield code="w">2021-07-16</subfield>
    <subfield code="y">BK</subfield>
  </datafield>
  <datafield tag="952" ind1=" " ind2=" ">
    <subfield code="0">0</subfield>
    <subfield code="1">0</subfield>
    <subfield code="2">ddc</subfield>
    <subfield code="4">0</subfield>
    <subfield code="7">0</subfield>
    <subfield code="8">MBA</subfield>
    <subfield code="a">AIMIT</subfield>
    <subfield code="b">AIMIT</subfield>
    <subfield code="d">2016-09-10</subfield>
    <subfield code="g">525.00</subfield>
    <subfield code="i">Bill no:248; Bill dt:2016-08-22</subfield>
    <subfield code="l">0</subfield>
    <subfield code="o">658.8 KUMA</subfield>
    <subfield code="p">MBA12372</subfield>
    <subfield code="r">2026-05-23 00:00:00</subfield>
    <subfield code="v">420.00</subfield>
    <subfield code="w">2021-07-16</subfield>
    <subfield code="y">BK</subfield>
  </datafield>
  <datafield tag="952" ind1=" " ind2=" ">
    <subfield code="0">0</subfield>
    <subfield code="1">0</subfield>
    <subfield code="2">ddc</subfield>
    <subfield code="4">0</subfield>
    <subfield code="7">0</subfield>
    <subfield code="8">MBA</subfield>
    <subfield code="a">AIMIT</subfield>
    <subfield code="b">AIMIT</subfield>
    <subfield code="d">2016-09-10</subfield>
    <subfield code="g">525.00</subfield>
    <subfield code="i">Bill no:248; Bill dt:2016-08-22</subfield>
    <subfield code="l">2</subfield>
    <subfield code="o">658.8 KUMA</subfield>
    <subfield code="p">MBA12373</subfield>
    <subfield code="r">2026-05-23 00:00:00</subfield>
    <subfield code="s">2024-10-21</subfield>
    <subfield code="v">420.00</subfield>
    <subfield code="w">2021-07-16</subfield>
    <subfield code="y">BK</subfield>
  </datafield>
  <datafield tag="952" ind1=" " ind2=" ">
    <subfield code="0">0</subfield>
    <subfield code="1">0</subfield>
    <subfield code="2">ddc</subfield>
    <subfield code="4">0</subfield>
    <subfield code="7">0</subfield>
    <subfield code="8">MBA</subfield>
    <subfield code="a">AIMIT</subfield>
    <subfield code="b">AIMIT</subfield>
    <subfield code="d">2016-09-10</subfield>
    <subfield code="g">525.00</subfield>
    <subfield code="i">Bill no:248; Bill dt:2016-08-22</subfield>
    <subfield code="l">0</subfield>
    <subfield code="o">658.8 KUMA</subfield>
    <subfield code="p">MBA12374</subfield>
    <subfield code="r">2026-05-23 00:00:00</subfield>
    <subfield code="v">420.00</subfield>
    <subfield code="w">2021-07-16</subfield>
    <subfield code="y">BK</subfield>
  </datafield>
  <datafield tag="952" ind1=" " ind2=" ">
    <subfield code="0">0</subfield>
    <subfield code="1">0</subfield>
    <subfield code="2">ddc</subfield>
    <subfield code="4">0</subfield>
    <subfield code="7">0</subfield>
    <subfield code="8">MBA</subfield>
    <subfield code="a">AIMIT</subfield>
    <subfield code="b">AIMIT</subfield>
    <subfield code="d">2016-09-10</subfield>
    <subfield code="g">525.00</subfield>
    <subfield code="i">Bill no:248; Bill dt:2016-08-22</subfield>
    <subfield code="l">0</subfield>
    <subfield code="o">658.8 KUMA</subfield>
    <subfield code="p">MBA12375</subfield>
    <subfield code="r">2026-05-23 00:00:00</subfield>
    <subfield code="v">420.00</subfield>
    <subfield code="w">2021-07-16</subfield>
    <subfield code="y">BK</subfield>
  </datafield>
  <datafield tag="952" ind1=" " ind2=" ">
    <subfield code="0">0</subfield>
    <subfield code="1">0</subfield>
    <subfield code="2">ddc</subfield>
    <subfield code="4">0</subfield>
    <subfield code="7">3</subfield>
    <subfield code="8">MBA</subfield>
    <subfield code="a">AIMIT</subfield>
    <subfield code="b">AIMIT</subfield>
    <subfield code="d">2016-09-10</subfield>
    <subfield code="g">525.00</subfield>
    <subfield code="i">Bill no:248; Bill dt:2016-08-22</subfield>
    <subfield code="l">0</subfield>
    <subfield code="o">658.8 KUMA</subfield>
    <subfield code="p">MBA12376</subfield>
    <subfield code="r">2025-07-21 00:00:00</subfield>
    <subfield code="v">420.00</subfield>
    <subfield code="w">2021-07-16</subfield>
    <subfield code="y">BK</subfield>
  </datafield>
</record>
